How to prepare for the toefl
محفوظ في:
| التنسيق: | كتاب |
|---|---|
| منشور في: |
2001
|
| الوسوم: |
إضافة وسم
لا توجد وسوم, كن أول من يضع وسما على هذه التسجيلة!
|
| Thư viện lưu trữ: | Mạng thư viện Đại học Đà Nẵng |
|---|
| LEADER | 00433nam a22001811a 4500 | ||
|---|---|---|---|
| 001 | 000037213 | ||
| 003 | 13508 | ||
| 005 | 20160412020315.0 | ||
| 008 | 160412s2001 000 | ||
| 082 | |a 4A(07)144 | ||
| 245 | |a How to prepare for the toefl |c Frist News | ||
| 260 | |c 2001 | ||
| OWN | |a LNN | ||
| 999 | |a From the UDN01 | ||
| TYP | |a Monograph | ||
| 980 | |a Mạng thư viện Đại học Đà Nẵng | ||